Quei giorni a Bucarest /

সংরক্ষণ করুন:
গ্রন্থ-পঞ্জীর বিবরন
প্রধান লেখক: Rusu, Stefan B.
অন্যান্য লেখক: Bresciani, Angelo
বিন্যাস: গ্রন্থ
ভাষা:ইতালিয়
প্রকাশিত: Roma : Playground, 2010
সংস্করন:2. ed
মালা:High school
ট্যাগগুলো: ট্যাগ যুক্ত করুন
কোনো ট্যাগ নেই, প্রথমজন হিসাবে ট্যাগ করুন!

MARC

LEADER 00000nam a22000007i 4500
001 IT\ICCU\UBO\3827060
003 ItRI
005 20260115232151.0
008 101117s2010 it |||||| ||||| |||||c
020 |a 9788889113493 
040 |b ita  |c importazione bologna sebina 
041 7 |a ita  |2 ISO-639-2 
082 |a 853.914  |9 NARRATIVA ITALIANA. 1945-  |2 19 
100 1 |a Rusu, Stefan B.  |0 IT\ICCU\UBOV\383031 
240 1 0 |a Quei giorni a Bucarest.  |3 IT\ICCU\RAV\1942630  |9 Rusu, Stefan B. 
245 1 0 |a Quei giorni a Bucarest /  |c Stefan B. Rusu ; con Angelo Bresciani. 
250 |a 2. ed 
260 |a Roma :  |b Playground,  |c 2010 
300 |a 153 p. ;  |c 20 cm 
700 1 |a Bresciani, Angelo  |0 IT\ICCU\UBOV\383033 
830 0 |a High school  |0 IT\ICCU\UBO\2598499 
942 |2 ddc  |c BK  |n 0 
952 |0 0  |1 0  |4 0  |6 DOC_859_330000000000000_RUS  |7 0  |9 21284  |a BO  |b BO  |d 2026-01-15  |i 14395  |l 0  |o DOC 859.33 RUS  |p BO14395  |r 2026-01-15 23:21:51  |w 2026-01-15  |x [Sebina 5] [1 v.]  |y BK  |z 1 v. 
999 |c 18183  |d 18183